000 00268nam a2200109Ia 4500
008 200302s9999 xx 000 0 und d
100 _aGreg Lynn Form
245 _aDesign Document Series 15: Predator
260 _bSuh Kyongwon, Germany
260 _c2006
300 _a191
999 _c4635
_d4635